[Event "Xtracon Chess Open 2017"]
[Site "Helsingor DEN"]
[Date "2017.07.23"]
[Round "3.56"]
[White "Malmstig, Erik"]
[Black "Hakansson, Stefan"]
[Result "1-0"]
[WhiteTitle "FM"]
[WhiteElo "2266"]
[BlackElo "1976"]
[WhiteFideId "1702866"]
[BlackFideId "1708198"]
[EventDate "2017.07.22"]

1. Nf3 d5 2. g3 Nf6 3. Bg2 g6 4. O-O Bg7 5. d3 O-O 6. Nbd2 b6 7. c4 Bb7 8. Ne1
Nbd7 9. Nc2 c5 10. Rb1 Qc7 11. b3 dxc4 12. Bxb7 Qxb7 13. bxc4 h5 14. Nf3 Ng4 15.
Bb2 Nde5 16. Nh4 Bf6 17. Ng2 Rad8 18. Qc1 Kg7 19. f4 Nd7 20. e4 Kh7 21. h3 Nh6
22. Re1 Bxb2 23. Rxb2 Nb8 24. Re3 Nc6 25. Nh4 Qc8 26. Qf1 f5 27. Nf3 Nf7 28. e5
e6 29. Qg2 Rg8 30. h4 Kg7 31. Na3 Nb4 32. Nb5 a6 33. Nc3 Qc6 34. Qf1 a5 35. a3
Na6 36. Qb1 Rb8 37. Rbe2 Rgd8 38. Qb2 Nc7 39. Re1 Rd7 40. Rb1 Nh6 41. Ne1 Nf7
42. Qb3 Na8 43. Qa4 Qc8 44. Re2 Kf8 45. Reb2 Ke7 46. Qc2 Rdb7 47. Qg2 Qd7 48.
Qf2 Nc7 49. Ne2 Qc6 50. Nc3 Nh6 51. Qf3 Qd7 52. Nc2 Nf7 53. d4 cxd4 54. Rd1 Na6
55. Nxd4 Kf8 56. Nc6 Qc7 57. Nb5 Qc8 58. Rbd2 Qe8 59. Nxb8 Rxb8 60. Nd6 Nxd6 61.
exd6 Qd7 62. Qc3 Kf7 63. Qb3 Qb7 64. d7 Rd8 65. Rd6 b5 66. Qe3 Nc5 67. Qxc5 Qf3 1-0

[Event "Xtracon Chess Open 2017"]
[Site "Helsingor DEN"]
[Date "2017.07.23"]
[Round "3.57"]
[White "Heimisson, Hilmir Freyr"]
[Black "Fossan, Andreas"]
[Result "1-0"]
[WhiteElo "2215"]
[BlackElo "1998"]
[WhiteFideId "2309998"]
[BlackFideId "1516108"]
[EventDate "2017.07.22"]

1. d4 e6 2. e4 d5 3. exd5 exd5 4. c4 Nf6 5. Nc3 Be7 6. Bg5 c6 7. Bxf6 Bxf6 8.
cxd5 O-O 9. Bc4 Re8+ 10. Nge2 b5 11. Bd3 b4 12. Ne4 Bxd4 13. Nxd4 cxd5 14. Ne2
Nc6 15. N4g3 Qh4 16. Bb5 Bb7 17. Bxc6 Bxc6 18. O-O d4 19. Qxd4 Qg5 20. Qf4 Qd5
21. f3 Qc5+ 22. Kh1 Bb5 23. Rfe1 Qf2 24. Ne4 Qb6 25. N2g3 Rad8 26. Nf5 Qg6 27.
Rac1 Bd3 28. b3 h6 29. Nxh6+ gxh6 30. Nf6+ Kf8 31. Qxb4+ 1-0

[Event "Xtracon Chess Open 2017"]
[Site "Helsingor DEN"]
[Date "2017.07.23"]
[Round "3.58"]
[White "Henningsen, Lasse"]
[Black "Schmidt, Kristen"]
[Result "1/2-1/2"]
[WhiteElo "1988"]
[BlackElo "2201"]
[WhiteFideId "1425315"]
[BlackFideId "1400436"]
[EventDate "2017.07.22"]

1. e4 c5 2. c3 Nf6 3. e5 Nd5 4. d4 cxd4 5. cxd4 e6 6. Bd3 d6 7. Nf3 Bd7 8. a3
Bc6 9. O-O Nd7 10. Nbd2 dxe5 11. dxe5 Nc5 12. Ne4 Nc3 13. Nxc3 Qxd3 14. Be3 Qxd1
15. Raxd1 Na4 16. Nxa4 Bxa4 17. Rc1 Be7 18. Nd4 Bd8 19. b3 Bd7 20. a4 a6 21. f4
O-O 22. Rfd1 Bb6 23. Kf2 Rfd8 24. Ne2 Bxe3+ 25. Kxe3 Bc6 26. g3 Rxd1 27. Rxd1
Bd5 28. Nd4 Rc8 29. Kd2 h6 30. Rc1 Rd8 31. Ke3 Rd7 32. Rc8+ Kh7 33. b4 g5 34. a5
gxf4+ 35. gxf4 Kg6 36. Rc1 f6 37. Rc8 fxe5 38. fxe5 Kf7 39. Rh8 Kg7 40. Re8 Kf7
41. Rh8 Kg7 1/2-1/2

[Event "Xtracon Chess Open 2017"]
[Site "Helsingor DEN"]
[Date "2017.07.23"]
[Round "3.59"]
[White "Huse, Sigurd Kjelsbol"]
[Black "Miskulin, Dennis"]
[Result "0-1"]
[WhiteElo "1944"]
[BlackElo "2198"]
[WhiteFideId "1520717"]
[BlackFideId "1705520"]
[EventDate "2017.07.22"]

1. e4 c5 2. Nf3 e6 3. d4 cxd4 4. Nxd4 Nc6 5. Nc3 Qc7 6. f4 a6 7. Nxc6 Qxc6 8.
Bd3 b5 9. O-O Nf6 10. Qe2 Bb7 11. Re1 Bc5+ 12. Kh1 b4 13. e5 bxc3 14. exf6 gxf6
15. bxc3 Rg8 16. Be4 Qxe4 17. Qxe4 Bxe4 18. Rxe4 d5 19. Ra4 Kd7 20. Rb1 Rgc8 21.
Rb3 Bd6 22. g3 Rc6 23. Kg2 Rac8 24. Bd2 e5 25. Kf3 Ke6 26. fxe5 fxe5 27. Rh4 e4+
28. Ke2 Be5 29. Rh6+ f6 30. Rxh7 Bxc3 31. Bxc3 Rxc3 32. Rb6+ Ke5 33. Rxa6 Rxc2+
34. Kd1 Rc1+ 0-1

[Event "Xtracon Chess Open 2017"]
[Site "Helsingor DEN"]
[Date "2017.07.23"]
[Round "3.60"]
[White "Kocur, Marc"]
[Black "Grove, Peter"]
[Result "0-1"]
[WhiteElo "1934"]
[BlackElo "2182"]
[WhiteFideId "205036"]
[BlackFideId "1411101"]
[EventDate "2017.07.22"]

1. Nf3 g6 2. d4 Nf6 3. Bf4 c5 4. c3 b6 5. e3 Bg7 6. Be2 O-O 7. h3 Bb7 8. O-O d6
9. Nbd2 Nbd7 10. a4 a6 11. Bh2 Re8 12. Qc2 Rc8 13. Rfd1 Qc7 14. Rac1 Qb8 15. Qb1
Qa8 16. Qa2 Rf8 17. Ne1 Ne4 18. Nxe4 Bxe4 19. Bf3 Nf6 20. d5 Bxf3 21. gxf3 Qb7
22. c4 Qd7 23. Kg2 b5 24. Nd3 Rb8 25. e4 Nh5 26. e5 bxa4 27. Ra1 dxe5 28. Nxc5
Qf5 29. Nxa4 e4 30. Qa3 Nf4+ 31. Bxf4 Qxf4 32. fxe4 Qxe4+ 33. Kg1 Qxc4 34. Qxe7
Rb3 35. Qc5 Qh4 36. Nc3 Qg5+ 37. Kf1 Rxb2 38. Ne4 Qf4 39. Qe3 Qh2 40. Qf3 Rb6
41. Ra3 Qe5 42. Qe3 Rb4 43. Ng3 Qd6 44. Rad3 Qd7 45. Kg2 Re8 46. Qc5 Rh4 47. Nf1
Re5 48. Rg3 Rg5 0-1

[Event "Xtracon Chess Open 2017"]
[Site "Helsingor DEN"]
[Date "2017.07.23"]
[Round "3.61"]
[White "Rolvag, Mikael"]
[Black "Pankaj, Sindhu"]
[Result "1/2-1/2"]
[WhiteElo "2182"]
[BlackElo "1837"]
[WhiteFideId "1500481"]
[BlackFideId "46680357"]
[EventDate "2017.07.22"]

1. d4 d5 2. Nf3 Nf6 3. c4 e6 4. Nc3 c5 5. cxd5 Nxd5 6. e3 cxd4 7. exd4 Nxc3 8.
bxc3 Qc7 9. Bd2 Bd6 10. Bd3 Nd7 11. O-O b6 12. Re1 Bb7 13. h3 O-O 14. c4 Bf4 15.
Be3 Nf6 16. Qe2 Rfd8 17. Rac1 Rac8 18. Red1 Bxe3 19. fxe3 Bxf3 20. Qxf3 e5 21.
Bf5 Rb8 22. Bc2 1/2-1/2

[Event "Xtracon Chess Open 2017"]
[Site "Helsingor DEN"]
[Date "2017.07.23"]
[Round "3.62"]
[White "Nielsen, Thomas Bach2"]
[Black "Easwaralingam, Adesh"]
[Result "1-0"]
[WhiteElo "2144"]
[BlackElo "1941"]
[WhiteFideId "1401785"]
[BlackFideId "1448552"]
[EventDate "2017.07.22"]

1. d4 Nf6 2. c4 g6 3. Nc3 Bg7 4. e4 d6 5. h3 h5 6. f4 Nc6 7. d5 Nb4 8. Nf3 h4 9.
Bd3 Nh5 10. O-O e6 11. dxe6 fxe6 12. e5 O-O 13. Bxg6 Ng3 14. Re1 Nf5 15. Ng5 Qe7
16. Bh7+ Kh8 17. Bxf5 Rxf5 18. Qh5+ Kg8 19. Qh7+ Kf8 20. Qxh4 1-0

[Event "Xtracon Chess Open 2017"]
[Site "Helsingor DEN"]
[Date "2017.07.23"]
[Round "3.63"]
[White "Degerfeldt, Sven"]
[Black "Rasmussen, Allan Stig"]
[Result "0-1"]
[BlackTitle "GM"]
[WhiteElo "1935"]
[BlackElo "2540"]
[WhiteFideId "1717430"]
[BlackFideId "1406000"]
[EventDate "2017.07.22"]

1. d4 Nf6 2. c4 c5 3. d5 b5 4. Qc2 bxc4 5. e4 d6 6. Bxc4 g6 7. b3 Nxe4 8. Bb2
Nf6 9. Bxf6 exf6 10. Qe4+ Be7 11. Nd2 O-O 12. Ne2 f5 13. Qc2 Bf6 14. Rd1 Na6 15.
O-O Nb4 16. Qb1 Qa5 17. a4 Bb7 18. Nf3 Ba6 19. Qc1 Rab8 20. Qf4 Rfe8 21. Qxd6
Bxc4 22. bxc4 Rb6 23. Qc7 Rxe2 24. d6 Nc6 25. Rfe1 Re4 26. d7 Nd8 27. g3 Qxa4
28. h4 Rxe1+ 29. Rxe1 Qc6 30. Re8+ Kg7 31. Qxc6 Rxc6 0-1

[Event "Xtracon Chess Open 2017"]
[Site "Helsingor DEN"]
[Date "2017.07.23"]
[Round "3.64"]
[White "Kaasen, Tor Fredrik"]
[Black "Bjornes, Leif"]
[Result "1-0"]
[WhiteTitle "FM"]
[WhiteElo "2409"]
[BlackElo "1934"]
[WhiteFideId "1516647"]
[BlackFideId "1507397"]
[EventDate "2017.07.22"]

1. d4 d5 2. c4 c6 3. Nf3 Nf6 4. Nc3 a6 5. c5 Bf5 6. Bf4 Nbd7 7. e3 h6 8. h3 e6
9. Be2 Be7 10. O-O O-O 11. b4 Qc8 12. Qb3 Bd8 13. a4 Bc7 14. Bxc7 Qxc7 15. b5 a5
16. Qb2 e5 17. Ra3 Bg6 18. Rb3 Rab8 19. Rd1 exd4 20. exd4 Rfe8 21. Ne1 Ne4 22.
Nxe4 Bxe4 23. Qd2 Qd8 24. Nd3 Qg5 25. Nf4 Nf6 26. Rg3 Qh4 27. Nd3 Bf5 28. Rf3
Ne4 29. Qxa5 Bg6 30. Rf4 Qg5 31. h4 Qe7 32. h5 Ng3 33. Bg4 Nxh5 34. Bxh5 Bxh5
35. Re1 Qg5 36. g3 Bg6 37. Ne5 Qe7 38. Re3 Qd8 39. Qxd8 Rbxd8 40. bxc6 bxc6 41.
Nxc6 Rxe3 42. fxe3 Re8 43. Ne5 Ra8 44. Rf1 Rxa4 45. c6 Ra7 46. Nxg6 fxg6 47. e4
dxe4 48. d5 e3 49. d6 1-0

[Event "Xtracon Chess Open 2017"]
[Site "Helsingor DEN"]
[Date "2017.07.23"]
[Round "3.65"]
[White "Ukkelberg, Oyvind"]
[Black "Papp, Petra"]
[Result "1/2-1/2"]
[BlackTitle "WGM"]
[WhiteElo "1933"]
[BlackElo "2337"]
[WhiteFideId "1507893"]
[BlackFideId "739049"]
[EventDate "2017.07.22"]

1. e4 c5 2. c3 d5 3. exd5 Qxd5 4. d4 Nf6 5. Nf3 Bg4 6. Be2 e6 7. O-O Nc6 8. Be3
cxd4 9. Nxd4 Bxe2 10. Qxe2 Nxd4 11. Bxd4 Be7 12. Nd2 O-O 13. Nf3 Qh5 14. Qe5
Qxe5 15. Nxe5 Rfd8 16. a4 Nd5 17. Nd3 f6 18. f4 b6 19. Rae1 Kf7 20. Re2 Rac8 21.
Rfe1 Rc6 22. g3 Rd7 23. Kg2 Bf8 24. Rd2 Bd6 25. Nf2 Bf8 26. Nd3 Rcd6 27. Kf3 Nc7
28. Red1 Nd5 29. Bf2 g6 30. Ne1 Rc6 31. Nc2 Be7 32. Be1 Rcd6 33. Re2 Nc7 1/2-1/2

[Event "Xtracon Chess Open 2017"]
[Site "Helsingor DEN"]
[Date "2017.07.23"]
[Round "3.66"]
[White "Lunde, Sigmund"]
[Black "Dauth, Benjamin"]
[Result "0-1"]
[BlackTitle "FM"]
[WhiteElo "1932"]
[BlackElo "2332"]
[WhiteFideId "1511351"]
[BlackFideId "4688104"]
[EventDate "2017.07.22"]

1. d4 c5 2. Nf3 cxd4 3. g3 Nc6 4. Nxd4 g6 5. Bg2 Bg7 6. Nxc6 bxc6 7. c3 h5 8. h4
Nf6 9. Nd2 O-O 10. Nc4 Ng4 11. f3 Nf6 12. Be3 Ba6 13. Qa4 Bb5 14. Qb3 Qb8 15.
Kf2 Nd5 16. Bc1 a5 17. a4 Qa7+ 18. Ke1 Ba6 19. Nxa5 Qc7 20. Nc4 Qxg3+ 21. Kf1
Rfb8 22. Qa2 Rxb2 23. Nxb2 Bxe2+ 24. Kg1 Nxc3 25. Qa3 Bd4+ 26. Be3 Bxe3# 0-1

[Event "Xtracon Chess Open 2017"]
[Site "Helsingor DEN"]
[Date "2017.07.23"]
[Round "3.67"]
[White "Gajic, Mladen"]
[Black "Rosell, Sven"]
[Result "1-0"]
[WhiteTitle "FM"]
[WhiteElo "2300"]
[BlackElo "1930"]
[WhiteFideId "1709178"]
[BlackFideId "1707760"]
[EventDate "2017.07.22"]

1. d4 Nf6 2. Bg5 g6 3. Bxf6 exf6 4. g3 Bg7 5. Bg2 O-O 6. e3 d5 7. Ne2 c6 8. O-O
f5 9. Qd3 Nd7 10. c4 dxc4 11. Qxc4 Nb6 12. Qc2 Nd5 13. Nbc3 Be6 14. Rfd1 Qd7 15.
a3 Rfc8 16. Rac1 Bh6 17. Rd3 Nb6 18. b3 Qe7 19. Qb2 Rd8 20. Na4 Bd5 21. Nxb6
axb6 22. Bxd5 Rxd5 23. Nc3 Rdd8 24. b4 Bg7 25. Qb3 h5 26. Ne2 Bf6 27. Nf4 Kg7
28. h4 Qe4 29. b5 c5 30. Rc4 Rac8 31. dxc5 Rxd3 32. Qxd3 Qxd3 33. Nxd3 bxc5 34.
Rxc5 Ra8 35. Rc7 Rxa3 36. Nf4 Ra1+ 37. Kg2 Be5 38. Rxb7 Bxf4 39. gxf4 Rb1 40.
Rb8 Kf6 41. b6 Ke7 42. f3 Rb2+ 43. Kf1 Kd7 44. Ke1 Kc6 45. Rf8 Rxb6 46. Rxf7 Kd5
47. Rg7 Kc4 48. Rd7 Rb1+ 49. Kf2 Rb2+ 50. Kg3 Rb6 51. Rd2 Kc5 52. e4 fxe4 53.
fxe4 Rb3+ 54. Kg2 Rb4 55. Rd5+ Kc6 56. Kf3 Rb3+ 57. Kf2 Rb2+ 58. Ke3 Rh2 59. Rg5
Rxh4 60. Rxg6+ Kd7 61. f5 Rh1 62. Kf4 h4 63. Rg7+ Ke8 64. Ke5 h3 65. Rh7 h2 66.
Ke6 Kf8 67. f6 Kg8 68. Rh4 Re1 69. f7+ Kg7 70. Rg4+ Kh7 71. f8=Q Rxe4+ 72. Rxe4
h1=Q 73. Qe7+ 1-0

[Event "Xtracon Chess Open 2017"]
[Site "Helsingor DEN"]
[Date "2017.07.23"]
[Round "3.68"]
[White "Dahl, Trygve"]
[Black "Meyer, Juergen"]
[Result "1/2-1/2"]
[WhiteElo "2292"]
[BlackElo "1928"]
[WhiteFideId "1513427"]
[BlackFideId "24661759"]
[EventDate "2017.07.22"]

1. e4 e6 2. d4 d5 3. Nc3 Nf6 4. Bg5 Be7 5. e5 Nfd7 6. Bxe7 Qxe7 7. f4 a6 8. Qg4
f5 9. exf6 Nxf6 10. Qh4 c5 11. Nf3 Ne4 12. Qxe7+ Kxe7 13. Nxe4 dxe4 14. Ng5 cxd4
15. Nxe4 Nc6 16. O-O-O e5 17. fxe5 Rd8 18. Re1 Rd5 19. Bc4 Rxe5 20. Ng5 Bf5 21.
Nf3 Rxe1+ 22. Rxe1+ Kd6 23. h3 h6 24. a3 Rd8 25. Kd2 Rf8 26. Be2 g5 27. b4 Be4
28. Rb1 Bxf3 29. Bxf3 b5 30. Re1 Ne5 31. Bb7 Nc4+ 32. Kd3 Rf2 33. Re2 Rxe2 34.
Kxe2 a5 35. Kd3 Ke5 36. c3 dxc3 37. Kxc3 a4 38. Bc6 Nxa3 39. g3 Kd6 40. Be8 Ke5
41. Kd3 Kd5 42. Bd7 Kd6 43. Be8 Kd5 1/2-1/2

[Event "Xtracon Chess Open 2017"]
[Site "Helsingor DEN"]
[Date "2017.07.23"]
[Round "3.69"]
[White "Kolvig, Bent"]
[Black "Alfven, Jorgen"]
[Result "1-0"]
[WhiteElo "2230"]
[BlackElo "1927"]
[WhiteFideId "1400746"]
[BlackFideId "1715950"]
[EventDate "2017.07.22"]

1. d4 Nf6 2. c4 g6 3. Nc3 Bg7 4. e4 d6 5. Bg5 O-O 6. Qd2 c6 7. O-O-O Qc7 8. f3
Nbd7 9. Kb1 a6 10. Rc1 Rd8 11. Bh6 Bh8 12. g4 e5 13. d5 c5 14. h4 Nf8 15. h5 Ne8
16. Qh2 Bg7 17. hxg6 fxg6 18. Bg5 Rd7 19. f4 exf4 20. Bxf4 Rf7 21. Bh3 Bd7 22.
Nge2 b5 23. g5 Bxh3 24. Qxh3 Rb8 25. Qd3 Qb6 26. Rc2 Qa5 27. Bc1 bxc4 28. Qxc4
Rb4 29. Qd3 Rfb7 30. Rf1 Qb6 31. Qf3 a5 32. e5 a4 33. e6 Qc7 34. Ne4 Bxb2 35.
Qxf8# 1-0

[Event "Xtracon Chess Open 2017"]
[Site "Helsingor DEN"]
[Date "2017.07.23"]
[Round "3.70"]
[White "Laustsen, Lars"]
[Black "Nielsen, Morten Majlund"]
[Result "1-0"]
[WhiteElo "2204"]
[BlackElo "1927"]
[WhiteFideId "1407554"]
[BlackFideId "1445448"]
[EventDate "2017.07.22"]

1. d4 Nf6 2. c4 g6 3. g3 Bg7 4. Bg2 O-O 5. Nf3 d6 6. Nc3 c5 7. d5 Na6 8. O-O Bd7
9. e4 Rb8 10. Qe2 Ng4 11. Bf4 Nc7 12. h3 Ne5 13. Nxe5 dxe5 14. Be3 b6 15. a3 f5
16. Qd2 Ne8 17. Bh6 Nd6 18. Bxg7 Kxg7 19. exf5 gxf5 20. g4 Nxc4 21. Qe2 Nd6 22.
Qxe5+ Kg8 23. f4 Rf7 24. g5 Qf8 25. b4 Qg7 26. bxc5 bxc5 27. Rfb1 Rff8 28. Rxb8
Rxb8 29. Re1 Qxe5 30. fxe5 Nc4 31. d6 e6 32. Nd5 Kg7 33. Nf6 Nb6 34. Rc1 Rc8 35.
Bb7 Rb8 36. Ba6 h6 37. Rxc5 Rd8 38. Rc7 hxg5 39. Bb5 1-0

[Event "Xtracon Chess Open 2017"]
[Site "Helsingor DEN"]
[Date "2017.07.23"]
[Round "3.71"]
[White "Jorgensen, Dennis"]
[Black "Rasmussen, Henrik Egede"]
[Result "1/2-1/2"]
[WhiteElo "2197"]
[BlackElo "1926"]
[WhiteFideId "1408380"]
[BlackFideId "1417800"]
[EventDate "2017.07.22"]

1. Nf3 Nf6 2. d4 d5 3. c4 c6 4. e3 Bg4 5. Qb3 Bxf3 6. gxf3 Qb6 7. Nc3 Qxb3 8.
axb3 e6 9. Rg1 Na6 10. Bd2 Nc7 11. Bd3 g6 12. Ke2 Kd7 13. Ra2 Bb4 14. Rga1 Bxc3
15. bxc3 a6 16. Rc1 Rhg8 17. cxd5 exd5 18. Kf1 Rge8 19. c4 Nh5 20. Ba5 Rac8 21.
Rac2 Ne6 22. f4 f5 23. Be2 Nf6 24. Bf3 Rg8 25. Bg2 h6 26. h4 Rce8 27. Bh3 h5 28.
f3 Rg7 29. Rd1 1/2-1/2

[Event "Xtracon Chess Open 2017"]
[Site "Helsingor DEN"]
[Date "2017.07.23"]
[Round "3.72"]
[White "Eriksson, Christian Altenburg"]
[Black "Rasmussen, Morten Fredsgaard2"]
[Result "1-0"]
[WhiteElo "2156"]
[BlackElo "1922"]
[WhiteFideId "1412159"]
[BlackFideId "1410636"]
[EventDate "2017.07.22"]

1. e4 c6 2. d4 d5 3. e5 Bf5 4. Nf3 e6 5. Be2 c5 6. O-O Nc6 7. c3 Qb6 8. dxc5
Bxc5 9. b4 Be7 10. Qa4 a6 11. Be3 Qc7 12. Nbd2 Nh6 13. Nd4 O-O 14. f4 Nxd4 15.
Bxd4 f6 16. Nf3 fxe5 17. Nxe5 b5 18. Qd1 Nf7 19. a4 Nxe5 20. fxe5 Qc6 21. axb5
axb5 22. Qd2 Rxa1 23. Rxa1 Bd8 24. Qe3 Bg6 25. Ra7 Bc7 26. h4 Rb8 27. h5 Bc2 28.
h6 g6 29. Qg5 Bd8 30. Rg7+ Kh8 31. Qf4 Qe8 32. Bc5 Bb6 33. Qf6 1-0

[Event "Xtracon Chess Open 2017"]
[Site "Helsingor DEN"]
[Date "2017.07.23"]
[Round "3.73"]
[White "Sorensen, Torben Kyhl"]
[Black "Mansoor, Afras"]
[Result "1-0"]
[WhiteElo "2155"]
[BlackElo "1917"]
[WhiteFideId "1412248"]
[BlackFideId "1522108"]
[EventDate "2017.07.22"]

1. e4 e5 2. Nf3 Nc6 3. Bb5 a6 4. Ba4 Nf6 5. O-O b5 6. Bb3 Be7 7. d3 O-O 8. c3 d5
9. Nbd2 Bg4 10. h3 Be6 11. Qe2 Bd6 12. Ng5 Qd7 13. Nxe6 fxe6 14. a3 Kh8 15. Nf3
Rae8 16. Bg5 Qf7 17. Nh4 Nh5 18. exd5 exd5 19. Bxd5 Qxd5 20. Qxh5 Kg8 21. Rad1
e4 22. dxe4 Qe5 23. Rfe1 h6 24. Nf3 Rxf3 25. Qxf3 hxg5 26. Qf5 Qh2+ 27. Kf1 Qh1+
28. Ke2 Qxg2 29. Kd3 Ne5+ 30. Kc2 Rf8 31. Qe6+ Kh8 32. Re2 Nc4 33. Kb1 Rxf2 34.
Qe8+ Bf8 35. Qxf8+ Rxf8 36. Rxg2 Ne3 37. Rdg1 Nxg2 38. Rxg2 Rf3 39. Rxg5 Rxh3
40. Rc5 Re3 41. Rxc7 Rxe4 42. Rc6 a5 43. Rc5 b4 44. Rb5 Kg8 45. axb4 axb4 46.
cxb4 Kf7 47. Ka2 Kf6 48. Ka3 g5 49. Rb8 Ke7 50. Rc8 g4 51. Rc3 Rf4 52. b3 Rf5
53. Rc7+ Kf6 54. Rc2 Ke6 55. Ka4 Kd6 56. b5 Rc5 57. Rg2 Rg5 58. Ka5 Kc7 59. Ka6
Kb8 60. Rg3 Rg6+ 61. b6 Rg5 62. b4 Rg6 63. b5 Rg7 64. Re3 Rg8 65. Re7 g3 66.
Rb7+ Ka8 67. Ra7+ Kb8 68. b7 Kc7 69. b6+ Kc6 70. Ra8 Rg4 71. Rc8+ Kd7 72. b8=Q
g2 73. Rd8+ Ke7 74. Qd6+ Kf7 75. Rf8+ Kg7 76. Qf6+ Kh7 77. Rh8# 1-0

[Event "Xtracon Chess Open 2017"]
[Site "Helsingor DEN"]
[Date "2017.07.23"]
[Round "3.74"]
[White "Nielsen, Palle"]
[Black "Preuss, Flemming"]
[Result "1-0"]
[WhiteElo "1715"]
[BlackElo "1986"]
[WhiteFideId "1408526"]
[BlackFideId "1403338"]
[EventDate "2017.07.22"]

1. e4 d6 2. d4 Nf6 3. Bd3 e5 4. c3 d5 5. Bg5 dxe4 6. Bxe4 exd4 7. Nf3 Be7 8.
Bxf6 Bxf6 9. Nxd4 O-O 10. O-O g6 11. Nb3 Nd7 12. N1d2 c6 13. Nf3 Qc7 14. Qc2 a5
15. Rad1 a4 16. Nbd2 Nc5 17. Nd4 Re8 18. Bf3 h5 19. Rfe1 Bd7 20. Ne4 Nxe4 21.
Bxe4 Kg7 22. Qd2 Rad8 23. Qc2 b5 24. Bf3 h4 25. b4 axb3 26. axb3 c5 27. Rxe8
Rxe8 28. Ne2 Bf5 29. Qc1 g5 30. g4 Be6 31. c4 b4 32. h3 Rd8 33. Kg2 Qe5 34. Re1
Rd3 35. Ng3 Qc3 36. Nh5+ Kf8 37. Nxf6 Rxf3 38. Nh7+ Ke8 39. Qxc3 Rxc3 40. Re3
Rxe3 41. fxe3 Bxc4 42. bxc4 b3 43. Nf6+ Ke7 44. Nd5+ Kd6 45. Kf3 Ke5 46. Nc3 f5
47. gxf5 Kxf5 48. Nd1 g4+ 49. hxg4+ Kg5 50. e4 h3 51. e5 h2 52. Kg2 Kxg4 53. e6
h1=Q+ 54. Kxh1 Kf3 55. e7 Ke2 56. Nb2 Kd2 57. e8=Q Kc2 58. Qe2+ Kb1 59. Nd3 1-0

[Event "Xtracon Chess Open 2017"]
[Site "Helsingor DEN"]
[Date "2017.07.23"]
[Round "3.75"]
[White "Brorsen, Jacob Abildlund"]
[Black "McAndrew, Robert"]
[Result "1-0"]
[WhiteElo "2153"]
[BlackElo "1909"]
[WhiteFideId "1411233"]
[BlackFideId "2404915"]
[EventDate "2017.07.22"]

1. e4 c5 2. Nf3 e6 3. g3 Nc6 4. Bg2 d6 5. O-O Nf6 6. Re1 e5 7. c3 Be7 8. d3 O-O
9. Nbd2 Re8 10. a4 Bf8 11. Nc4 Be6 12. Qc2 h6 13. Ne3 Rc8 14. Nh4 d5 15. Nef5 d4
16. Bd2 Kh7 17. Nf3 g6 18. N5h4 c4 19. Bf1 cxd3 20. Qxd3 Bc5 21. c4 Ng8 22. b3
Qc7 23. Reb1 a5 24. Ne1 Nb4 25. Qf3 Qd7 26. Bxb4 Bxb4 27. Nd3 Bg4 28. Qh1 Qe7
29. h3 Bd7 30. Bg2 f6 31. Kh2 Qe6 32. Ra2 Qd6 33. Re2 Ne7 34. f4 Nc6 35. Nf3 Re7
36. Qc1 b6 37. Qf1 Rce8 38. Rbb2 Kg7 39. Nh4 Bc3 40. Rb1 Bb4 41. f5 g5 42. Ng6
Bc5 43. Qf3 Rg8 44. Qh5 Be8 45. Nf2 Bxg6 46. fxg6 d3 47. Ng4 Rh8 48. Rd2 Re6 49.
Rf1 Ne7 50. Rfd1 Nxg6 51. Rxd3 Bd4 52. Ne3 Ne7 53. Bf3 Qc5 54. Nf5+ Nxf5 55.
exf5 Rd6 56. Qg6+ Kf8 57. Bd5 Qc7 58. Re1 Qg7 59. Qh5 Rxd5 60. cxd5 Qf7 61. Qf3
Kg7 62. d6 Bc5 63. Qc6 Rd8 64. Red1 Rd7 65. Rc1 Ba3 66. Qxd7 1-0

[Event "Xtracon Chess Open 2017"]
[Site "Helsingor DEN"]
[Date "2017.07.23"]
[Round "3.76"]
[White "Kyrkjebo, Hanna B."]
[Black "Deur Saric, Zrinka"]
[Result "0-1"]
[BlackTitle "WFM"]
[WhiteElo "1923"]
[BlackElo "2152"]
[WhiteFideId "1511599"]
[BlackFideId "14512670"]
[EventDate "2017.07.22"]

1. e4 c5 2. Nf3 Nc6 3. Bb5 g6 4. Bxc6 dxc6 5. d3 Bg7 6. h3 Nf6 7. a4 b6 8. Na3
Nd7 9. Nc4 Qc7 10. O-O O-O 11. Re1 Re8 12. Ra2 e5 13. b3 Nf8 14. Bb2 f6 15. Ne3
Ne6 16. Ba3 Ba6 17. Ra1 Red8 18. Qb1 Bc8 19. Nd2 Nf4 20. a5 Bf8 21. axb6 axb6
22. Bb2 Bb7 23. Bc3 Rxa1 24. Qxa1 Ra8 25. Qb2 b5 26. Nf3 Bg7 27. Kh2 Bc8 28. Ra1
Ra7 29. Rxa7 Qxa7 30. Qa1 Qxa1 31. Bxa1 Ne2 32. g3 Bf8 33. Bb2 Nd4 34. Nxd4 cxd4
35. Nf1 Bb4 36. Kg2 Kf7 37. f3 c5 38. h4 f5 39. Nh2 Bb7 40. Kf2 Ke6 41. Bc1 c4
42. bxc4 bxc4 43. Ke2 Kd6 44. Kd1 Ba6 45. Ke2 Ke6 46. Nf1 Be7 47. Nh2 f4 48.
gxf4 Bxh4 49. fxe5 Bg3 50. Ng4 cxd3+ 51. cxd3 h5 52. Nf2 Kxe5 53. Nh3 Bc8 54.
f4+ Kd6 55. Ng5 Bg4+ 56. Kf1 h4 57. Kg2 Be2 58. e5+ Kd5 59. Ne4 Be1 60. Nf2 Bxf2
61. Kxf2 Bxd3 62. Kg2 Bf5 63. Kf3 Kc4 64. Bd2 Kd3 65. Be1 h3 66. Bf2 Kc3 67.
Be1+ Kc2 68. Kf2 d3 69. Kg3 d2 70. Bxd2 Kxd2 71. Kh2 Ke2 72. Kg3 Ke3 73. Kh2
Kxf4 0-1

[Event "Xtracon Chess Open 2017"]
[Site "Helsingor DEN"]
[Date "2017.07.23"]
[Round "3.77"]
[White "Jacobsen, Per"]
[Black "Huse, Lars Paul"]
[Result "1-0"]
[WhiteElo "1575"]
[BlackElo "1163"]
[WhiteFideId "1413856"]
[BlackFideId "1526537"]
[EventDate "2017.07.22"]

1. d4 d5 2. e3 Nf6 3. f4 Bf5 4. Nf3 h6 5. Be2 e6 6. O-O Bd6 7. c3 O-O 8. Ne5
Bxe5 9. fxe5 Nfd7 10. Rf3 f6 11. exf6 Nxf6 12. Nd2 Nc6 13. Rg3 Rf7 14. Bf3 Qd7
15. Bh5 Nxh5 16. Qxh5 Rf6 17. Nb3 Qf7 18. Qe2 Be4 19. Bd2 Rf8 20. h3 a6 21. Qg4
Rg6 22. Qh4 b6 23. Rg4 Ne7 24. Kh2 Qf5 25. Qxe7 Rxg4 26. Rg1 Qg5 27. Qxe6+ Rf7
28. Qxg4 Qf6 29. Be1 Qd6+ 30. Bg3 Qc6 31. Qc8+ Rf8 32. Qxc7 Qb5 33. Be5 Rf7 34.
Qc8+ Rf8 35. Qe6+ Rf7 36. Qg4 Qd3 37. Bf4 Bf5 38. Qf3 Be4 39. Qg3 Kf8 40. Bd6+
Kg8 41. Bf4 Kf8 42. Qh4 Rf6 43. Be5 Rf7 1-0